| 000 | 00355nam a2200145Ia 4500 | ||
|---|---|---|---|
| 008 | 230917s9999||||xx |||||||||||||| ||und|| | ||
| 040 |
_e48871 _aMAIN |
||
| 041 | _aEnglish | ||
| 082 | _a823.8 D772S | ||
| 100 | _aDoyle, Arthur Conan | ||
| 245 | 2 | _aA study in scarlet | |
| 260 |
_aNew York _bHart Publishing Co. _c1976 |
||
| 300 | _a223 p. | ||
| 942 | _cBK | ||
| 999 |
_c188407 _d188407 |
||